Grain science and processing kyoko saio JICA senior volunteer (Record no. 8548)
[ view plain ]
| 000 -LEADER | |
|---|---|
| fixed length control field | 00238nam a22001097a 4500 |
| 040 ## - CATALOGING SOURCE | |
| Transcribing agency | HS |
| 082 ## - DEWEY DECIMAL CLASSIFICATION NUMBER | |
| Classification number | 630 |
| 100 ## - MAIN ENTRY--AUTHOR NAME | |
| Personal name | NA |
| 245 ## - TITLE STATEMENT | |
| Title | Grain science and processing kyoko saio JICA senior volunteer |
| 260 ## - PUBLICATION, DISTRIBUTION, ETC. (IMPRINT) | |
| Place of publication | RUA |
| Name of publisher | NA |
| Year of publication | 2004 |
| 942 ## - ADDED ENTRY ELEMENTS (KOHA) | |
| Koha item type | សៀវភៅភាសាអង់គ្លេស |
| 952 ## - LOCATION AND ITEM INFORMATION (KOHA) | |
| Withdrawn status [LOCAL, KOHA] | 0 |
| Permanent Location | Date acquired | Koha item type | Lost status | Shelving location | Barcode | Current Location | Full call number |
|---|---|---|---|---|---|---|---|
| Library Block C | 2016-08-03 | សៀវភៅភាសាអង់គ្លេស | C242 | RUA045575 | Library Block C | 631 WHI 1995 C242 |